[Event "Summer Prague Open 2022 - B"]
[Site "Olympik hotel, Sokolovska 138, Praha"]
[Date "2022.08.08"]
[Round "5"]
[Board "1"]
[White "Zamengo, Bruno"]
[Black "Kim, Changhyung"]
[Result "1/2-1/2"]
[WhiteElo "1903"]
[BlackElo "1722"]
[PlyCount "62"]
[EventDate "2022.08.05"]
[EventRounds "9"]
[EventCountry "CZE"]

1. e4 c5 2. Nf3 a6 3. c4 Nc6 4. d4 cxd4 5. Nxd4 e5 6. Nf5 d5 7. cxd5 Bxf5 8.
exf5 Nd4 9. Nc3 Ne7 10. Bg5 f6 11. Be3 Nexf5 12. Bd3 Bd6 13. Qg4 Qd7 14. O-O g6
15. Rfe1 Nxe3 16. Qxd7+ Kxd7 17. fxe3 Nf5 18. Bxf5+ gxf5 19. Rf1 Bc5 20. Rxf5
Bxe3+ 21. Kh1 Rhf8 22. Raf1 Ke7 23. g3 Bd4 24. Ne4 Rad8 25. g4 h5 26. Rxh5 Rxd5
27. Rhf5 Ra5 28. b4 Rxa2 29. g5 Rh8 30. gxf6+ Kf8 31. Nf2 Bxf2 $11  1/2-1/2

[Event "Summer Prague Open 2022 - B"]
[Site "Olympik hotel, Sokolovska 138, Praha"]
[Date "2022.08.08"]
[Round "5"]
[Board "2"]
[White "Goldmann, David"]
[Black "Sulzbacher, Kurt"]
[Result "1/2-1/2"]
[WhiteElo "1711"]
[BlackElo "1707"]
[PlyCount "71"]
[EventDate "2022.08.05"]
[EventRounds "9"]
[EventCountry "CZE"]

1. e4 c5 2. Nf3 d6 3. Bb5+ Bd7 4. Bxd7+ Nxd7 5. d4 cxd4 6. Qxd4 Qb6 7. Be3 Qxd4
8. Bxd4 e5 9. Be3 Ngf6 10. Nc3 Rc8 11. O-O-O Ng4 12. Rhe1 g6 13. Kb1 f5 14. h3
Nxe3 15. Rxe3 Nc5 16. exf5 gxf5 17. g3 Be7 18. Nb5 Ne4 19. Nxa7 Rc5 20. Rf1 Kf7
21. Rb3 Rb8 22. Nb5 h6 23. Nc3 Nxc3+ 24. Rxc3 Rxc3 25. bxc3 Rc8 26. Kb2 Rc6 $11
27. Nd2 e4 28. Nb3 Bf6 29. Nd4 Rb6+ $11 30. Ka1 Bxd4 31. cxd4 Ke6 32. c3 f4 33.
gxf4 Kf5 34. Re1 Kxf4 35. Re3 d5 36. Rg3 $11  1/2-1/2

[Event "Summer Prague Open 2022 - B"]
[Site "Olympik hotel, Sokolovska 138, Praha"]
[Date "2022.08.08"]
[Round "5"]
[Board "3"]
[White "Sterba, Erik"]
[Black "Khalifa Essa, Albalooshi"]
[Result "1/2-1/2"]
[WhiteElo "1815"]
[BlackElo "1749"]
[PlyCount "146"]
[EventDate "2022.08.05"]
[EventRounds "9"]
[EventCountry "CZE"]

1. d4 Nf6 2. Nf3 e6 3. c4 b6 4. g3 Bb7 5. Bg2 c5 6. O-O cxd4 7. Nxd4 Bxg2 8.
Kxg2 Qc8 9. b3 Be7 10. Bb2 O-O 11. Qd3 Nc6 12. Nxc6 Qxc6+ 13. f3 Rfd8 14. Na3
d5 15. Rac1 Bxa3 16. Bxa3 dxc4 17. Rxc4 Rxd3 18. Rxc6 Rd2 19. Kf2 Rxa2 20. Rfc1
h6 21. Bd6 Nd5 22. R1c2 Rxc2 23. Rxc2 Rd8 24. Ba3 Rd7 25. e4 Nc7 26. Ke3 f6 27.
Rd2 Rxd2 28. Kxd2 Kf7 29. Kd3 Nb5 30. Bb4 a5 31. Kc4 Na7 32. Bd6 b5+ 33. Kc5 a4
34. bxa4 bxa4 35. Kb4 a3 36. Kb3 Nb5 37. Bxa3 Nd4+ 38. Kc4 Nxf3 39. h4 h5 40.
Bd6 g5 41. hxg5 fxg5 42. Kd3 Kf6 43. Ke3 Ne5 44. Bc7 Ng4+ 45. Kf3 Kg6 46. Bd6
Nf6 47. Be5 Nd7 48. Bd4 e5 49. Bc3 Kf6 50. Ba5 Ke6 51. Bc7 Nf8 52. Ke3 Ng6 53.
Bd8 g4 54. Bg5 Kd6 55. Kd3 Ke6 56. Ke3 Kf7 57. Kd3 Nf8 58. Kc4 Ne6 59. Bh4 Nd4
60. Kd5 Nf3 61. Bd8 h4 62. gxh4 g3 63. Bb6 Kg6 64. Ke6 Nd4+ 65. Kxe5 Nf3+ 66.
Kf4 Nxh4 67. Kg4 Ng2 68. Bc7 Kf6 69. Kxg3 Ne3 70. Kf4 Nc4 71. Bd8+ Ke6 72. Bg5
Nd2 73. Ke3 Nxe4  1/2-1/2

[Event "Summer Prague Open 2022 - B"]
[Site "Olympik hotel, Sokolovska 138, Praha"]
[Date "2022.08.08"]
[Round "5"]
[Board "4"]
[White "Arulmaran, Abishan"]
[Black "Korniichuk, Oleksandra"]
[Result "0-1"]
[WhiteElo "1678"]
[BlackElo "1793"]
[PlyCount "80"]
[EventDate "2022.08.05"]
[EventRounds "9"]
[EventCountry "CZE"]

1. e4 c5 2. Nc3 e6 3. f4 d5 4. Nf3 d4 5. Bb5+ Bd7 6. Bxd7+ Nxd7 7. Ne2 Ngf6 8.
d3 Be7 9. O-O O-O 10. Qe1 Ne8 11. g4 f5 12. gxf5 exf5 13. exf5 Rxf5 14. Ng3 Rf7
15. Qe6 Nc7 16. Qb3 b5 17. Ne5 Nxe5 18. fxe5 Qd5 19. Rxf7 $11 Kxf7 20. Ne4 c4
21. dxc4 Qxe4 22. cxb5+ Qd5 23. Qg3 Bc5 24. Qd3 Kg8 25. Bf4 Rf8 26. Rf1 Ne6 27.
Bg3 Rxf1+ 28. Kxf1 Qxa2 29. b3 Qa5 30. Qc4 Qb6 31. Be1 Kf7 32. Qd5 Qxb5+ 33.
Kg2 Qe2+ 34. Bf2 Qg4+ 35. Bg3 Kg6 36. Qc6 Qf5 37. Qe8+ Qf7 38. Qxf7+ Kxf7 39.
Kf3 Nd8 40. Ke4 Ke6  0-1

[Event "Summer Prague Open 2022 - B"]
[Site "Olympik hotel, Sokolovska 138, Praha"]
[Date "2022.08.08"]
[Round "5"]
[Board "6"]
[White "Andersen, Carsten"]
[Black "Guggenheim, Hans"]
[Result "0-1"]
[WhiteElo "1694"]
[BlackElo "1866"]
[PlyCount "82"]
[EventDate "2022.08.05"]
[EventRounds "9"]
[EventCountry "CZE"]

1. e4 c5 2. Nf3 g6 3. c3 d5 4. Bb5+ Bd7 5. Bxd7+ Qxd7 6. exd5 Qxd5 7. O-O Nc6
8. Re1 Bg7 9. Na3 e6 10. Nb5 O-O-O 11. d4 a6 12. Na3 cxd4 13. cxd4 Nxd4 14.
Nxd4 Bxd4 15. Bf4 e5 16. Qc2+ Kb8 17. Be3 Bxe3 18. Rxe3 Ne7 19. Rae1 Nc6 20.
Nc4 f6 21. Qc3 Qc5 22. b3 Rd4 23. Qb2 Rhd8 24. h3 b5 25. Kh2 R8d7 26. Na3 Rd2
27. Qc1 Qxc1 28. Rxc1 Nb4 29. Rec3 Rxa2 30. Rc8+ Kb7 31. Nc2 Nxc2 32. R8xc2
Rxc2 33. Rxc2 Rd3 34. Re2 b4 35. f4 Rd5 36. Kg3 a5 37. Kg4 f5+ 38. Kg5 e4 39.
Kh6 Rd7 40. Rc2 Kb6 41. Rc4 e3  0-1

[Event "Summer Prague Open 2022 - B"]
[Site "Olympik hotel, Sokolovska 138, Praha"]
[Date "2022.08.08"]
[Round "5"]
[Board "7"]
[White "Jaeger, Andre"]
[Black "Onyango, Adia"]
[Result "0-1"]
[WhiteElo "1865"]
[BlackElo "1725"]
[PlyCount "84"]
[EventDate "2022.08.05"]
[EventRounds "9"]
[EventCountry "CZE"]

1. d4 d5 2. c4 c6 3. cxd5 cxd5 4. Bf4 Nf6 5. Nc3 Nc6 6. e3 Bg4 7. Qb3 Na5 8.
Qa4+ Nc6 9. Bd3 e6 10. Nge2 Bd6 11. f3 Bh5 12. O-O Bg6 13. Bxd6 Qxd6 14. Nf4
Rc8 15. Rac1 a6 16. a3 Nd7 17. Nce2 Bxd3 18. Nxd3 O-O 19. b4 Nb6 20. Qb3 Nc4
21. Nc5 Nd2 22. Qd3 Nxf1 23. Kxf1 Qxh2 24. Kf2 Qh4+ 25. Ng3 Qe7 26. Rh1 f5 27.
Nh5 Nd8 28. Qb1 Qc7 29. Nf4 Qf7 30. Nfd3 Nc6 31. a4 b5 32. Nxa6 bxa4 33. b5 Na5
34. Ne5 Qe7 35. Nc5 a3 36. b6 Nb7 37. Ncd7 Rfd8 38. Rxh7 Kxh7 39. Qh1+ Kg8 40.
f4 Rc2+ 41. Kf3 g5 42. Qh6 Rxd7  0-1

[Event "Summer Prague Open 2022 - B"]
[Site "Olympik hotel, Sokolovska 138, Praha"]
[Date "2022.08.08"]
[Round "5"]
[Board "8"]
[White "Frankiv, Oleksandr"]
[Black "Svetly, Jiri"]
[Result "1-0"]
[WhiteElo "1330"]
[BlackElo "1825"]
[PlyCount "111"]
[EventDate "2022.08.05"]
[EventRounds "9"]
[EventCountry "CZE"]

1. e4 d6 2. d4 Nf6 3. Nc3 g6 4. Bg5 Bg7 5. Qd2 h6 6. Bf4 c6 7. O-O-O b5 8. f3
a5 9. Kb1 Nbd7 10. g4 b4 11. Nce2 Nb6 12. Nc1 Be6 13. h4 Nc4 14. Bxc4 Bxc4 15.
b3 Bb5 16. Nge2 Qc7 17. Ng3 e5 18. dxe5 dxe5 19. Be3 Rd8 20. Qxd8+ Qxd8 21.
Rxd8+ Kxd8 22. Bb6+ Ke7 23. Bxa5 c5 24. c3 bxc3 25. Bxc3 Nd7 26. a4 Ba6 27. h5
Rb8 28. hxg6 fxg6 29. Kc2 Ke6 30. Bd2 Rh8 31. Na2 Nb8 32. Nc3 Nc6 33. Nce2 Nd4+
34. Nxd4+ exd4 35. Bf4 g5 36. Nf5 Be5 37. Bc1 Be2 38. Rxh6+ Rxh6 39. Nxh6 d3+
40. Kb1 Bf4 41. Bxf4 gxf4 42. Kc1 Bxf3 43. Kd2 Bxe4 44. g5 Kd5 45. Ng4 c4 46.
Nf6+ Kd4 47. bxc4 f3 48. Ng4 Kxc4 49. Ke3 Bc6 50. g6 Kc3 51. g7 Bd5 52. a5 d2
53. Nf2 Kc2 54. a6 d1=Q 55. Nxd1 Kxd1 56. Kf2  1-0

[Event "Summer Prague Open 2022 - B"]
[Site "Olympik hotel, Sokolovska 138, Praha"]
[Date "2022.08.08"]
[Round "5"]
[Board "9"]
[White "Pitera, Michal"]
[Black "Mikhno, Artem"]
[Result "1/2-1/2"]
[WhiteElo "1798"]
[BlackElo "1535"]
[PlyCount "74"]
[EventDate "2022.08.05"]
[EventRounds "9"]
[EventCountry "CZE"]

1. d4 Nf6 2. c4 g6 3. Nc3 d5 4. Nf3 Bg7 5. Qb3 c6 6. cxd5 Nxd5 7. e4 Nxc3 8.
bxc3 O-O 9. Be3 c5 10. d5 Qa5 11. Bd2 Qc7 12. Be2 Bg4 13. Rd1 Nd7 14. c4 Ne5
15. O-O f5 16. Rde1 f4 17. Nxe5 Bxe2 18. Nxg6 Bxf1 19. Nxf8 Bxc4 20. Qxc4 Kxf8
21. e5 Bxe5 22. Qe4 Bf6 23. Bxf4 Qd7 24. Qxh7 Qxd5 25. Qg6 Qf7 26. Bh6+ Ke8 27.
Qe4 Bd4 28. Be3 Bxe3 29. Rxe3 Rd8 30. Qa4+ Rd7 31. Rd3 Qf5 32. Rxd7 Qxd7 33.
Qc2 Qd4 34. h4 c4 35. h5 Qa1+ 36. Kh2 Qe5+ 37. Kh1 Qa1+  1/2-1/2

[Event "Summer Prague Open 2022 - B"]
[Site "Olympik hotel, Sokolovska 138, Praha"]
[Date "2022.08.08"]
[Round "5"]
[Board "11"]
[White "Panda, Barnabas"]
[Black "Latifah, Darmaki"]
[Result "1-0"]
[WhiteElo "1789"]
[BlackElo "1264"]
[PlyCount "83"]
[EventDate "2022.08.05"]
[EventRounds "9"]
[EventCountry "CZE"]

1. d4 Nf6 2. c4 e6 3. Nc3 d5 4. Nf3 Be7 5. Bf4 O-O 6. e3 b6 7. cxd5 exd5 8. Bd3
Bb7 9. O-O c5 10. Rc1 Nc6 11. dxc5 bxc5 12. Na4 c4 13. Bb1 Nh5 14. Bg3 Nxg3 15.
hxg3 Qd6 16. Qd2 Rac8 17. Nc3 Ne5 18. Nd4 g6 19. Rfd1 Rfd8 20. Qe2 Qb6 21. Rd2
Rd7 22. Qd1 Bb4 23. a3 Bxc3 24. Rxc3 h5 25. Qe2 Kg7 26. Rc1 Rh8 27. Nf3 Ng4 28.
Rd4 Qe6 29. Qd2 Rdd8 30. Rcxc4 dxc4 31. Rxd8 Rxd8 32. Qxd8 Ne5 33. Qd4 Kf6 34.
Qf4+ Kg7 35. Qxe5+ Qxe5 36. Nxe5 Bd5 37. e4 Be6 38. Nc6 a6 39. Nd4 Kf6 40. f4
g5 41. Nxe6 Kxe6 42. Ba2  1-0

[Event "Summer Prague Open 2022 - B"]
[Site "Olympik hotel, Sokolovska 138, Praha"]
[Date "2022.08.08"]
[Round "5"]
[Board "12"]
[White "Beetz, Ole"]
[Black "Palka, Dominika"]
[Result "1/2-1/2"]
[WhiteElo "1567"]
[BlackElo "1774"]
[PlyCount "105"]
[EventDate "2022.08.05"]
[EventRounds "9"]
[EventCountry "CZE"]

1. e4 e5 2. Nc3 Nf6 3. g3 d5 4. exd5 Nxd5 5. Bg2 Be6 6. Nge2 c6 7. O-O Be7 8.
d4 Nxc3 9. bxc3 Nd7 10. Be3 O-O 11. Nc1 Qa5 12. Bd2 Qb6 13. Nb3 a5 14. Be3 Qc7
15. Nc1 Nb6 16. dxe5 Nc4 17. Re1 Qxe5 18. Bd4 Qg5 19. Nd3 Rad8 20. Qe2 Qd2 21.
Nf4 Qxe2 22. Rxe2 c5 23. Nxe6 fxe6 24. Be3 Nxe3 25. fxe3 Bf6 26. Bxb7 Bxc3 27.
Rf1 Rb8 28. Rxf8+ Kxf8 29. Bc6 Rb6 30. Ba4 Rb4 31. Bc6 Ke7 32. a4 Kd6 33. Bb5
c4 34. Rf2 Ke7 35. Rf4 Bd2 36. Kf2 e5 37. Rxc4 Rxc4 38. Bxc4 Kd6 39. Ke2 Bc1
40. Kd3 Kc5 41. Bb5 Kb4 42. c4 Kc5 43. Ke4 Kd6 44. g4 Bd2 45. h4 Bc1 46. h5 Bd2
47. g5 Bc1 48. h6 gxh6 49. gxh6 Ke6 50. c5 Ba3 51. c6 Kd6 52. Kf3 Kc7 53. Bd3
 1/2-1/2

[Event "Summer Prague Open 2022 - B"]
[Site "Olympik hotel, Sokolovska 138, Praha"]
[Date "2022.08.09"]
[Round "6"]
[Board "1"]
[White "Sainov, Sanzhar"]
[Black "Zamengo, Bruno"]
[Result "1-0"]
[WhiteElo "1464"]
[BlackElo "1903"]
[PlyCount "113"]
[EventDate "2022.08.05"]
[EventRounds "9"]
[EventCountry "CZE"]

1. e4 e6 2. d4 d5 3. Bd3 dxe4 4. Bxe4 c5 5. Ne2 Nf6 6. Bf3 Nc6 7. Be3 cxd4 8.
Nxd4 Ne5 9. Nc3 Bc5 10. Nxe6 Qxd1+ 11. Rxd1 Bxe3 12. Nc7+ Ke7 13. fxe3 Nxf3+
14. gxf3 Rb8 15. N7d5+ Nxd5 16. Nxd5+ Kf8 17. Nb6 g6 18. Rd8+ Kg7 19. Rxh8 Kxh8
20. Nxc8 Rxc8 21. c3 Rc5 22. Ke2 Rb5 23. b3 Kg7 24. e4 Rg5 25. Rf1 Kf6 26. Rf2
Rg1 27. Ke3 Ke5 28. f4+ Ke6 29. a4 Rd1 30. b4 Ke7 31. a5 Ke6 32. Ke2 Rc1 33.
Kd3 Re1 34. Kd4 Rc1 35. c4 Re1 36. e5 Kf5 37. b5 Ra1 38. a6 bxa6 39. bxa6 Rxa6
40. Kd5 Ra1 41. c5 Rd1+ 42. Kc6 Ke6 43. Kb7 Rb1+ 44. Kc7 Ke7 45. c6 a5 46. Ra2
Rb5 47. Kc8 Ke8 48. Ra4 Ke7 49. Rd4 Ke8 50. Rd8+ Ke7 51. Rd7+ Ke8 52. Rb7 Rc5
53. c7 a4 54. Kb8 a3 55. c8=Q+ Rxc8+ 56. Kxc8 a2 57. Ra7  1-0

[Event "Summer Prague Open 2022 - B"]
[Site "Olympik hotel, Sokolovska 138, Praha"]
[Date "2022.08.09"]
[Round "6"]
[Board "2"]
[White "Korniichuk, Oleksandra"]
[Black "Sulzbacher, Kurt"]
[Result "1/2-1/2"]
[WhiteElo "1793"]
[BlackElo "1707"]
[PlyCount "72"]
[EventDate "2022.08.05"]
[EventRounds "9"]
[EventCountry "CZE"]

1. e4 c5 2. Nf3 d6 3. d4 cxd4 4. Nxd4 Nf6 5. Nc3 g6 6. Be3 Bg7 7. f3 Nc6 8. Qd2
O-O 9. O-O-O d5 10. exd5 Nxd5 11. Nxc6 bxc6 12. Bd4 e5 13. Bc5 Be6 14. Ne4 Re8
15. c4 Qc7 16. Nd6 Red8 17. cxd5 cxd5 18. Kb1 Qxc5 19. Nb7 Qb6 20. Nxd8 Rxd8
21. Bc4 Rb8 22. Bb3 a5 23. Rhe1 e4 24. Re2 Qb5 25. fxe4 Bg4 26. Rde1 Bxe2 27.
Rxe2 dxe4 28. Rxe4 Qf5 29. Qf4 Qxf4 30. Rxf4 Be5 31. Ra4 Rb5 32. h3 Kg7 33. Kc2
f5 34. Rc4 g5 35. a4 Rb7 36. Rc5 Rc7  1/2-1/2

[Event "Summer Prague Open 2022 - B"]
[Site "Olympik hotel, Sokolovska 138, Praha"]
[Date "2022.08.09"]
[Round "6"]
[Board "3"]
[White "Guggenheim, Hans"]
[Black "Kim, Changhyung"]
[Result "1/2-1/2"]
[WhiteElo "1866"]
[BlackElo "1722"]
[PlyCount "111"]
[EventDate "2022.08.05"]
[EventRounds "9"]
[EventCountry "CZE"]

1. d4 d5 2. c4 Nc6 3. Nf3 Bg4 4. cxd5 Bxf3 5. gxf3 Qxd5 6. e3 e5 7. Nc3 Bb4 8.
a3 Bxc3+ 9. bxc3 exd4 10. cxd4 Nge7 11. Rb1 O-O-O 12. Rb5 Qe6 13. Be2 Rhe8 14.
Qb3 Qxb3 15. Rxb3 f5 16. Rg1 g6 17. h4 f4 18. Rg4 Rf8 19. Rd3 Rd5 20. Bb2 Rb5
21. Rd2 Rh5 22. e4 h6 23. Bf1 g5 24. d5 Nd8 25. hxg5 hxg5 26. d6 cxd6 27. Rxd6
Nec6 28. Bc4 Re8 29. Rd5 Ne6 30. Rd6 Ned8 31. Rd5 Ne6 32. Ke2 Rd8 33. Rxd8+
Ncxd8 34. Rg1 Rh7 35. Rd1 Rd7 36. Bd5 Rc7 37. Rd2 Rc5 38. Be5 Nc7 39. Bd6 Rc3
40. Bg8 Nde6 41. Be7 b6 42. Rd6 Nc5 43. Bxg5 Rxa3 44. Bxf4 Nb5 45. Rd2 Nc3+ 46.
Kf1 Nb1 47. Rc2 Rxf3 48. Be3 Na3 49. Rc1 Kb7 50. Bxc5 bxc5 51. Rxc5 Kb6 52. Rc8
Nb5 53. e5 Rf5 54. e6 Nc7 55. e7 Re5 56. e8=Q  1/2-1/2

[Event "Summer Prague Open 2022 - B"]
[Site "Olympik hotel, Sokolovska 138, Praha"]
[Date "2022.08.09"]
[Round "6"]
[Board "4"]
[White "Beketov, Timur"]
[Black "Sterba, Erik"]
[Result "1-0"]
[WhiteElo "1411"]
[BlackElo "1815"]
[PlyCount "51"]
[EventDate "2022.08.05"]
[EventRounds "9"]
[EventCountry "CZE"]

1. e4 c5 2. Nf3 Nc6 3. Bb5 g6 4. O-O Bg7 5. Bxc6 bxc6 6. d3 d6 7. Nbd2 e5 8.
Re1 Ne7 9. b3 O-O 10. Bb2 f5 11. c3 Qc7 12. d4 cxd4 13. cxd4 fxe4 14. Nxe4 d5
15. Nc5 e4 16. Nd2 Qf4 17. Qe2 Nf5 18. Rad1 Nxd4 19. Bxd4 Bxd4 20. Ndxe4 Bg4
21. Qd2 Bxd1 22. Qxd4 Bg4 23. h3 Bf5 24. Nf6+ Rxf6 25. Qxf4 Raf8 26. Qh6  1-0

[Event "Summer Prague Open 2022 - B"]
[Site "Olympik hotel, Sokolovska 138, Praha"]
[Date "2022.08.09"]
[Round "6"]
[Board "5"]
[White "Onyango, Adia"]
[Black "Panda, Barnabas"]
[Result "1-0"]
[WhiteElo "1725"]
[BlackElo "1789"]
[PlyCount "171"]
[EventDate "2022.08.05"]
[EventRounds "9"]
[EventCountry "CZE"]

1. d4 Nf6 2. c4 e6 3. Nc3 Bb4 4. Qc2 O-O 5. a3 Bxc3+ 6. Qxc3 b6 7. Bg5 Bb7 8.
f3 d5 9. e3 Nbd7 10. b4 h6 11. Bh4 c5 12. bxc5 bxc5 13. Rb1 cxd4 14. exd4 Bc6
15. Bd3 dxc4 16. Bxc4 Rc8 17. Qd3 Qa5+ 18. Kf2 Rfd8 19. Qe3 g5 20. Bg3 Qf5 21.
Qe1 Ng4+ 22. Kf1 Ne3+ 23. Qxe3 Qxb1+ 24. Be1 Bb5 25. Bxb5 Qxb5+ 26. Ne2 Rc2 27.
h4 Rdc8 28. hxg5 Qxg5 29. Qd3 Kg7 30. Rh3 Kh8 31. Rg3 Qf5 32. Qe3 Qf6 33. Bd2
Rg8 34. Rh3 Rg6 35. Nf4 Rg5 36. Nxe6 Rxd2 37. Nxg5 Qxd4 38. Rxh6+ Kg7 39. Qxd4+
Rxd4 40. Ra6 Rd2 41. Ne4 Ra2 42. Rxa7 Ne5 43. a4 Kg6 44. Ra6+ Kg7 45. Ng3 Nd3
46. Nf5+ Kh7 47. a5 Ra1+ 48. Ke2 Nf4+ 49. Kf2 Ra2+ 50. Kg3 Nxg2 51. Rh6+ Kg8
52. a6 Ne1 $11 53. Nd4 Nc2 54. Nb5 Ne3 55. Rb6 Kg7 56. a7 Nd5 57. Rb7 Ra1 58.
Nd6 Kf6 59. Nb5 Kg7 60. Rb8 Nc7 61. Rc8 Nxb5 62. a8=Q Rxa8 63. Rxa8 Nc7 64. Rc8
Ne6 65. Rc6 Nd4 66. Ra6 Ne6 67. Kg4 Nc5 68. Rc6 Ne6 69. Rd6 Nc5 70. Kf5 Nb7 71.
Rb6 Nc5 72. f4 Nd7 73. Rd6 Nf8 74. Ra6 Nd7 75. Kg5 Nf8 76. Kh5 Nd7 77. f5 Nf6+
78. Kh4 Nh7 79. Kg4 Nf6+ 80. Kf4 Nh7 81. Ke5 Nf8 82. Ra1 Nh7 83. Rg1+ Kf8 84.
f6 Ke8 85. Rg7 Nf8 86. Rg8  1-0

[Event "Summer Prague Open 2022 - B"]
[Site "Olympik hotel, Sokolovska 138, Praha"]
[Date "2022.08.09"]
[Round "6"]
[Board "6"]
[White "Khalifa Essa, Albalooshi"]
[Black "Goldmann, David"]
[Result "1-0"]
[WhiteElo "1749"]
[BlackElo "1711"]
[PlyCount "91"]
[EventDate "2022.08.05"]
[EventRounds "9"]
[EventCountry "CZE"]

1. d4 d5 2. c4 e6 3. Nc3 c6 4. Nf3 Nf6 5. e3 Bd6 6. Qc2 Nbd7 7. Bd3 dxc4 8.
Bxc4 Nb6 9. Bd3 Nbd5 10. a3 Qa5 11. O-O Nxc3 12. bxc3 g5 13. e4 g4 14. Nd2 Qh5
15. e5 Bc7 16. c4 Nd7 17. Ne4 f5 18. Ng3 Qf7 19. f4 Nb6 20. Re1 O-O 21. a4 a5
22. Be3 Rd8 23. Rab1 Qd7 24. Nh5 Qe7 25. Nf6+ Kh8 26. d5 Nxc4 27. Qxc4 cxd5 28.
Qc5 Qf7 29. Rec1 Bb8 30. Qb6 Re8 31. Qb5 Rd8 32. Bb6 Rg8 33. Rc2 Ba7 34. Bxa7
Rxa7 35. Rbc1 Ra8 36. Rc7 Qg6 37. Rxh7+ Qxh7 38. Nxh7 Kxh7 39. Rc7+ Kh6 40. Qc5
Re8 41. Qf2 Bd7 42. Rxd7 Re7 43. Qh4+ Kg6 44. Qg5+ Kh7 45. Rxe7+ Kh8 46. Qg7#
 1-0

[Event "Summer Prague Open 2022 - B"]
[Site "Olympik hotel, Sokolovska 138, Praha"]
[Date "2022.08.09"]
[Round "6"]
[Board "7"]
[White "Aird, Ian"]
[Black "Frankiv, Oleksandr"]
[Result "1/2-1/2"]
[WhiteElo "1809"]
[BlackElo "1330"]
[PlyCount "109"]
[EventDate "2022.08.05"]
[EventRounds "9"]
[EventCountry "CZE"]

1. Nf3 Nc6 2. d4 d5 3. g3 g6 4. Bg2 Bg7 5. O-O Nf6 6. c4 Bf5 7. Nc3 O-O 8. Nh4
Be6 9. cxd5 Bxd5 10. Nxd5 Nxd5 11. Nf3 e6 12. Bg5 Bf6 13. Bh6 Bg7 14. Bxg7 Kxg7
15. Qd2 h6 16. Rfd1 f5 17. e3 Qf6 18. Rac1 Rfd8 19. Qe2 a6 20. Rc5 Rac8 $11 21.
a3 Rd6 22. Rdc1 Qd8 23. Bf1 Nde7 24. Qe1 b6 25. R5c2 b5 26. Rc5 Rb8 27. b4 Rb6
28. Bg2 g5 29. Ne5 Nxe5 30. Rxe5 Qd7 31. Rec5 c6 32. Qe2 Nd5 $11 33. Qc2 Kf7
34. h3 Ne7 35. Bf3 Ke8 36. g4 Kd8 37. gxf5 exf5 38. Kg2 Kc7 39. Re5 Ng6 40. Rc5
Nh4+ 41. Kg3 f4+ 42. exf4 Nxf3 43. Kxf3 Qxh3+ 44. Ke2 Qg4+ 45. Kf1 Qh3+ 46. Ke2
gxf4 47. d5 Qh5+ 48. Ke1 Qg6 49. Qc3 Qe4+ 50. Kf1 Qh1+ 51. Ke2 Qe4+ 52. Kf1
Qh1+ 53. Ke2 Qe4+ 54. Kf1 Qh1+ 55. Ke2  1/2-1/2

[Event "Summer Prague Open 2022 - B"]
[Site "Olympik hotel, Sokolovska 138, Praha"]
[Date "2022.08.09"]
[Round "6"]
[Board "8"]
[White "Bohatyrov, Mykola"]
[Black "Pitera, Michal"]
[Result "0-1"]
[WhiteElo "1462"]
[BlackElo "1798"]
[PlyCount "78"]
[EventDate "2022.08.05"]
[EventRounds "9"]
[EventCountry "CZE"]

1. c4 Nf6 2. g3 c6 3. Nc3 d5 4. cxd5 cxd5 5. d4 Bf5 6. Nf3 e6 7. Qb3 Nc6 8. Bf4
Bb4 9. Bg2 O-O 10. O-O Nh5 11. Bd2 Qe7 12. a3 Bxc3 13. Bxc3 h6 14. Ne5 Rfc8 15.
Rae1 Nf6 16. f3 Qc7 17. e4 Bh7 18. Nxc6 bxc6 19. e5 Nd7 20. Qd1 c5 21. f4 cxd4
22. Bxd4 Nc5 23. Kh1 Nd3 24. Re2 Qc4 25. Bg1 Rab8 26. b4 h5 27. Qd2 Nc1 28.
Ree1 Nb3 29. Qd1 d4 30. Be4 d3 31. Bxh7+ Kxh7 32. Re3 Rd8 33. Rff3 Qc2 34. Rf1
Rbc8 35. Qxh5+ Kg8 36. f5 d2 37. fxe6 Qc6+ 38. Ref3 Qxe6 39. Be3 d1=Q  0-1

[Event "Summer Prague Open 2022 - B"]
[Site "Olympik hotel, Sokolovska 138, Praha"]
[Date "2022.08.09"]
[Round "6"]
[Board "9"]
[White "Palka, Dominika"]
[Black "Veelenturf, Wim"]
[Result "1-0"]
[WhiteElo "1774"]
[BlackElo "1536"]
[PlyCount "55"]
[EventDate "2022.08.05"]
[EventRounds "9"]
[EventCountry "CZE"]

1. d4 c6 2. c4 d5 3. Nf3 Nf6 4. Nc3 e6 5. Bg5 Be7 6. e3 O-O 7. Rc1 Nbd7 8. Bd3
dxc4 9. Bxc4 Nd5 10. Bxe7 Nxe7 11. O-O Ng6 12. b4 Re8 13. Bb3 a6 14. e4 Nh4 15.
e5 Nb6 16. Nxh4 Qxh4 17. Re1 Nd5 18. Ne4 Rf8 19. a3 f5 20. Nd6 f4 21. Bc4 f3
22. g3 Qh3 23. Bf1 Qg4 24. Re4 Nf4 25. Kh1 Nh3 26. Rxg4 Nxf2+ 27. Kg1 Nxg4 28.
Rc3  1-0

[Event "Summer Prague Open 2022 - B"]
[Site "Olympik hotel, Sokolovska 138, Praha"]
[Date "2022.08.09"]
[Round "6"]
[Board "11"]
[White "Mikhno, Artem"]
[Black "Faysal, Wasim"]
[Result "1-0"]
[WhiteElo "1535"]
[BlackElo "1687"]
[PlyCount "55"]
[EventDate "2022.08.05"]
[EventRounds "9"]
[EventCountry "CZE"]

1. d4 d5 2. c4 Nf6 3. Nc3 c6 4. Bg5 Nbd7 5. e3 h6 6. Bh4 g6 7. Nf3 Bg7 8. cxd5
cxd5 9. Qb3 e6 10. Bd3 g5 11. Bg3 Nh5 12. Bd6 a6 13. Rc1 Bf8 14. Bxf8 Kxf8 15.
O-O f5 16. Nxd5 exd5 17. Qxd5 Ng7 18. Ne5 Qe8 19. Qd6+ Kg8 20. Bc4+ Kh7 21. Bf7
Nxe5 22. Bxe8 Rxe8 23. dxe5 Be6 24. Rc7 Rad8 25. Qb6 Bd5 26. Rd1 Rxe5 27. Qf6
Bf7 28. Rxd8  1-0

[Event "Summer Prague Open 2022 - B"]
[Site "Olympik hotel, Sokolovska 138, Praha"]
[Date "2022.08.10"]
[Round "7"]
[Board "1"]
[White "Khalifa Essa, Albalooshi"]
[Black "Sainov, Sanzhar"]
[Result "1-0"]
[WhiteElo "1749"]
[BlackElo "1464"]
[PlyCount "55"]
[EventDate "2022.08.05"]
[EventRounds "9"]
[EventCountry "CZE"]

1. d4 Nf6 2. c4 c5 3. d5 b5 4. cxb5 a6 5. bxa6 g6 6. Nc3 Bg7 7. Nf3 O-O 8. a7
Rxa7 9. e4 Qa5 10. Bd2 Ba6 11. Nb5 Qb6 12. Nxa7 Qxa7 13. Qa4 Qb6 14. Bxa6 Nxa6
15. O-O d6 16. Rfe1 Nc7 17. Bc3 Nb5 18. Rab1 Rb8 19. Qc2 Qa6 20. a4 Nc7 21.
Bxf6 Bxf6 22. b4 e6 23. bxc5 Rxb1 24. Qxb1 Qc8 25. cxd6 Ne8 26. e5 Bd8 27. Rc1
Qd7 28. Qb5  1-0

[Event "Summer Prague Open 2022 - B"]
[Site "Olympik hotel, Sokolovska 138, Praha"]
[Date "2022.08.10"]
[Round "7"]
[Board "2"]
[White "Kim, Changhyung"]
[Black "Korniichuk, Oleksandra"]
[Result "1/2-1/2"]
[WhiteElo "1722"]
[BlackElo "1793"]
[PlyCount "108"]
[EventDate "2022.08.05"]
[EventRounds "9"]
[EventCountry "CZE"]

1. d4 Nf6 2. Bg5 Ne4 3. Bf4 d5 4. f3 Nf6 5. Nc3 e6 6. e3 c5 7. Nb5 Na6 8. c3
Be7 9. Bd3 O-O 10. Ne2 Bd7 11. a4 c4 12. Bc2 Bxb5 13. axb5 Nc7 14. g4 Nxb5 15.
h4 Bd6 16. h5 Bxf4 17. exf4 Nd7 18. Kf2 f5 19. Qg1 Nd6 20. Qg3 fxg4 21. Qxg4
Nf5 22. Rag1 Qf6 23. Rg2 Rf7 24. Rhg1 Qh4+ 25. Ng3 Qxg4 26. fxg4 Nxg3 27. Kxg3
Raf8 28. Rf2 e5 29. dxe5 Nxe5 30. Bf5 Nd3 31. Bxd3 cxd3 32. Rd1 Rc7 33. Rxd3
Rc5 34. Re2 Rb5 35. Rdd2 Rd8 36. f5 h6 37. Kf4 Kf7 38. Re5 Rc5 39. Rd4 b5 40.
Re6 Rb8 41. Ke5 b4 42. Rxd5 bxc3 43. bxc3 Rxc3 44. Rd7+ Kf8 45. Rxa7 Rc4 46.
Rg6 Rbb4 47. Rgxg7 Re4+ 48. Kd6 Rbd4+ 49. Kc6 Rc4+ 50. Kb5 Rb4+ 51. Ka5 Ra4+
52. Kb6 Rab4+ 53. Kc5 Rbc4+ 54. Kd5 Rcd4+  1/2-1/2